| 000 | 01172cas a2200337 a 4500 | ||
|---|---|---|---|
| 001 | 12477272 | ||
| 003 | PILC | ||
| 005 | 20150905095056.0 | ||
| 008 | 010719u1996uuuuph uu p 0 0eng | ||
| 010 | _a 99911166 | ||
| 035 | _a(OCoLC)ocm47439681 | ||
| 040 |
_aDLC _beng _cDLC _dNSDP _dDLC _dOCoLC |
||
| 041 | 0 | _aengtgl | |
| 042 | _apcc | ||
| 043 | _aa-ph--- | ||
| 050 | 0 | 0 |
_aHD 8711 _b.P657 2000 |
| 245 | 0 | 0 | _aPinoy overseas migration folio / |
| 260 |
_aQuezon City, Philippines : _bKaibigan ng OCWs, Inc., _c2000. |
||
| 300 |
_a99 pages : _billustrations ; _c22 cm. |
||
| 362 | 0 | _aVol. 1, no. 1 (Oct. 1996)- | |
| 500 | _aTitle from cover. | ||
| 546 | _aEnglish and Tagalog. | ||
| 650 | 0 |
_aFilipinos _xEmployment _zForeign countries _vPeriodicals. |
|
| 650 | 0 |
_aForeign workers, Filipino _vPeriodicals. |
|
| 651 | 0 |
_aPhilippines _xEmigration and immigration _vPeriodicals. |
|
| 710 | 2 | _aFriends of Filipino Migrant Workers. | |
| 906 |
_a7 _bcbc _cserials _d3 _encip _f19 _gn-oclcserc |
||
| 942 |
_2lcc _cBK _kLOC |
||
| 999 |
_c284700 _d284700 |
||